00416pab a2200145 454500008004000000100001600040245006500056260000900121300001500130362001200145650003100157650003800188650002800226773001600254180718b2014 xxu||||| |||| 00| 0 eng d aKalha, R.S. aThe Sino-Indian boundary question and international case law c2014 ap.395-401. aJul-Sep aIndia - Boundaries - China aIndia - Foreign relations - China aInternational relations aUSI Journal